000 00441nam a2200157 i 4500
001 89903
003 ES-MaACL
005 20230906180311.0
007 t|
008 050117s1935 fr ||||1| fre d
100 1 _aLatour, Marius.
_970553
245 1 0 _aPremiers principes d'une theorie générale des emotions /
_cpar Marius Latour.
260 _aParis :
_bFélix Alcan,
_c1935.
300 _a650 p. ;
_c25 cm.
852 _aES-MaACL
_jA-4495
999 _c89903
_d89903